000 00938nam a2200301 i 4500
003 EG-GICUC
005 20260411185855.0
008 260411s2005 ne |||fr|||| 00| 0 eng d
020 _a9004143084
040 _a EG-GICUC
_beng
_c EG-GICUC
_d EG-GICUC
_erda
082 0 4 _221
_a341.23
_bCO . L
092 0 4 _221
099 _aLaw1 11 341.23 CO . L 2005
100 1 _aConforti,Benedetto
_eAuthor.
245 0 2 _aThe Law And Practice Of The United Nations /
_cBenedetto Conforti.
250 _aThird Revised Edition
264 1 _aBoston:
_bMartinus Nijhoff Publishers,
_c2005.
300 _a328 Pages;
_c24 cm.
336 _2rda content
_atext
337 _2rda media
_aComputer
338 _2rda carrier
_aOnline Resource
546 _aText in English
650 0 4 _aInternational Public Law
650 0 4 _aUnited Nations
856 4 0 _uhttps://fll.law.cu.edu.eg/fulltext/bks/B11-09784.pdf
905 _a59
942 _2ddc
_cCP
_e21
_n0
999 _c70121
_d70121